Peter Iľjič Čajkovskij

Bibliographic Details
Main Author: Pejhovský, Miroslav, 1945- (Author)
Format: Article
Language:Slovak
ISSN:ISSN 0139-8911
Subjects:

MARC

LEADER 00000nab a2200000 a 4500
001 vtls010263595
003 SK-MaSNL
005 20260303202339.0
008 110314c2011 xo m p 000 0 slo
015 |a SNBRB 2011/03 
038 |a K EKMK 
040 |a KEKMK  |b slo  |c KEKMK  |e AACR2 
041 |a slo 
044 |a xo  |c SK 
080 |a 82-93  |2 2001 
100 1 |a Pejhovský, Miroslav,  |d 1945-  |4 aut 
245 1 0 |a Peter Iľjič Čajkovskij  |c Miroslav Pejhovský 
600 1 7 |a Čajkovskij, Piotr Iľjič,  |d 1840-1893  |2 kekmk  |9 156333 
650 0 7 |a literatúra pre deti a mládež  |2 kekmk  |9 21893 
773 0 |t Superohník  |g Roč. [13], č. 8(apríl 2010), s.7.  |x ISSN 0139-8911 
852 |a KEKMK  |b KIS3G 
958 |a DB 
999 |c 2179121  |d 2181051